000 00274nam a2200121Ia 4500
008 191201s2008 xx 000 0 und d
100 _aDHAMIJA, PV
245 0 _aSpoken English
260 _aN.Delhi
_bTMH
_c2008
300 _a281
650 _aGeneral Books
942 _2ddc
_cBK
999 _c3351
_d3351